Concurso público : (Record no. 1032)

MARC details
000 -LÍDER
Campo Fixo de Controle 01067nam a2200277 a 4500
001 - NÚMERO DE CONTROLE
Campo de Controle 1032
003 - IDENTIFICAÇÃO DO NÚMERO DE CONTROLE
Campo de Controle BR-CuiBMT
005 - DATA E HORA DA ÚLTIMA ATUALIZAÇÃO
Campo de Controle 20231127013543.0
008 - DADOS FIXOS
Dados Fixos 231110s2015 prb 000 0 por d
020 ## - INTERNATIONAL STANDARD BOOK NUMBER
Nº do ISBN 9788566456066
040 ## - AGÊNCIA CATALOGADORA
Código da Agência Catalogadora BR-CuiBMT
Agência que transcreveu o registro BR-CuiBMT
080 ## - Nº DA CLASSIFICAÇÃO DECIMAL UNIVERSAL
Nº Class. CDU 342.9:351.94
Nº edição CDU 2007
Subd. Auxiliar Comum (079.1)
090 ## - NÚMERO DE CHAMADA
Nº classificação 342.9:351.94(079.1)
Cutter C744
245 00 - TÍTULO PRINCIPAL
Título principal Concurso público :
Subtítulo polêmicas e jurisprudências do STF, STJ e tribunais de contas /
Indicação de responsabilidade Francisney Liberato Batista Siqueira (organizador) ; prefácio José dos Santos Carvalho Filho ; [autores Fabrício Motta ... et al.].
260 ## - PUBLICAÇÃO, DISTRIBUIÇÃO, ETC.
Local de publicação Curitiba :
Editora Editora Graciosa,
Data c2015.
300 ## - DESCRIÇÃO FÍSICA
N. páginas ou volumes 278 p. ;
Dimensões 21 cm
500 ## - NOTAS GERAIS
Notas gerais Prefácio retirado da capa.
504 ## - NOTA DE BIBLIOGRAFIA, ETC.
Nota de bibliografia Inclui bibliografia.
650 ## - ASSUNTO TÓPICO
Cabeçalho tópico ou nome geográfico Normas jurídicas
Subdivisão geral Concursos
650 ## - ASSUNTO TÓPICO
Cabeçalho tópico ou nome geográfico Serviço público
Subdivisão geral Concursos
Subdivisão geográfica Brasil
650 ## - ASSUNTO TÓPICO
Cabeçalho tópico ou nome geográfico Servidores públicos
Subdivisão geral Seleção
650 ## - ASSUNTO TÓPICO
Cabeçalho tópico ou nome geográfico Servidores públicos
Subdivisão geral Jurisprudência
700 1# - ENTRADA SECUNDÁRIA -- NOME PESSOAL
Nome pessoal Siqueira, Francisney Liberato Batista
Cód. do termo explicativo org.
700 1# - ENTRADA SECUNDÁRIA -- NOME PESSOAL
Nome pessoal Motta, Fabrício
Cód. do termo explicativo et al.
-- autores
942 ## - ELEMENTOS DE ENTRADA ADICIONAIS (KOHA)
Fonte de classificação ou esquema de arquivamento Classificação Decimal Universal
Tipo de item do Koha Livros
Holdings
Estado: removido Estado: perdido Fonte de classificação ou esquema de arquivamento Estado: danificado Indisponível para empréstimo Localização permanente Localização atual Data de aquisição Total Checkouts Número de Chamada completo Código de barras Date last seen Número do exemplar Preço efetivo a partir de Tipo de item (Koha)
    Classificação Decimal Universal     Biblioteca da Escola Superior de Contas do TCE/MT Biblioteca da Escola Superior de Contas do TCE/MT 21/09/2016   342.9:351.94(079.1) C744 BIBTCEMT23111121 27/11/2023 Ex. 1 27/11/2023 Livros
    Classificação Decimal Universal     Biblioteca da Escola Superior de Contas do TCE/MT Biblioteca da Escola Superior de Contas do TCE/MT 21/09/2016   342.9:351.94(079.1) C744 BIBTCEMT23111122 27/11/2023 Ex. 2 27/11/2023 Livros
    Classificação Decimal Universal     Biblioteca da Escola Superior de Contas do TCE/MT Biblioteca da Escola Superior de Contas do TCE/MT 21/09/2016   342.9:351.94(079.1) C744 BIBTCEMT23111123 27/11/2023 Ex. 3 27/11/2023 Livros

Powered by Koha